| 000 | 01133cad a22002175a 4500 | ||
|---|---|---|---|
| 001 | E144622 | ||
| 008 | 080731s2007 xxkado f s 000 0 eng d | ||
| 035 | _a(Sirsi) u144622 | ||
| 041 | 0 | _aeng | |
| 050 | 0 | 4 | _a333.33 $2 18 |
| 110 | 2 |
_aLambert Smith Hampton _92865 |
|
| 245 | 0 | 0 |
_aGlasgow city centre office report 2007/8 _h[electronic resource] |
| 260 |
_aGlasgow _bLambert Smith Hampton _c2007 |
||
| 490 | 0 |
_aLambert Smith Hampton Glasgow City Centre Office Report _v2007/8 |
|
| 520 | _aDemand for office space in Glasgow has continued to rise, leading to a shortage of new space. Although there are new developments planned, these may run into problems with funding due to the recent credit crunch. Rental values have reached £27.50 per sq ft, and are expected to rise further to £29 per sq ft by 2009, reflecting Glasgow's growing success as a business location. | ||
| 521 | _aAdvanced | ||
| 651 | 4 | _aGlasgow | |
| 690 | _aPROPERTY-COMMERCIAL PROPERTY-COMMERCIAL PROPERTY MARKET | ||
| 856 | 4 | 0 |
_uhttps://www.lsh.co.uk _zView the report free of charge under research (requires registration) at www.lsh.co.uk... |
| 942 | _n0 | ||
| 999 |
_c108562 _d108562 |
||